Evolution de Mario - Clic Quiz - Statistiques

Statistiques générales
  • Ce quiz a été pris 3 741 fois
  • Le résultat moyen est 6 sur 11
Statistiques - réponses
Hint Réponse % Correct
Dr. Mario
80%
Super Mario Odyssey
74%
Super Mario Bros.
63%
Paper Mario
60%
Super Mario Galaxy
60%
Super Mario 64
56%
Super Mario Sunshine
51%
Super Mario RPG
43%
Super Mario World
39%
Super Mario Bros. 2
39%
Super Mario Land
27%
Aucun quiz correspondant
Distribution des résultats
% des personnes avec chaque résultat
Percentile par nombre de réponses
Votre historique - résultats
Vous n’avez pas pris ce quiz